Central Library OPAC University of Rajshahi

The life of the duke of Newcastle / (Record no. 24732)

MARC details
000 -LEADER
fixed length control field 00880nam a22002653 4500
001 - CONTROL NUMBER
control field 24732
003 - CONTROL NUMBER IDENTIFIER
rucl marc code UkOxU
005 - DATE AND TIME OF LATEST TRANSACTION
control field 20211209001106.0
008 - FIXED-LENGTH DATA ELEMENTS--GENERAL INFORMATION
fixed length control field 140315s1915 enk 000 0
035 7# - SYSTEM CONTROL NUMBER
System control number (BD-RjUL)24801
-- CD-0000180569
040 ## - CATALOGING SOURCE
Original cataloging agency BD-RjUL
Language of cataloging eng
Transcribing agency BD-RjUL
041 ## - LANGUAGE CODE
Language code of text/sound track or separate title eng
082 ## - DEWEY DECIMAL CLASSIFICATION NUMBER
Classification number 942.066
Author mark and year CAL 1915
100 1# - MAIN ENTRY--PERSONAL NAME
Personal name Cavendish, Margaret
9 (RLIN) 76137
245 14 - TITLE STATEMENT
Title The life of the duke of Newcastle /
Statement of responsibility, etc. Margaret Cavendish Newcastle, Duchess of.
260 ## - PUBLICATION, DISTRIBUTION, ETC. (IMPRINT)
Place of publication, distribution, etc. London ;
-- Nwe York :
Name of publisher, distributor, etc. J. M. Dent, ;
-- E. P. Dutton,
Date of publication, distribution, etc. 1915.
300 ## - PHYSICAL DESCRIPTION
Pagination xxvii, 299 p, ;
Size 17 cm.
490 1# - SERIES STATEMENT
Series statement Everyman's libr.
Volume/sequential designation vol. 722
600 17 - SUBJECT ADDED ENTRY--PERSONAL NAME
Personal name Cavendish, William
Titles and other words associated with a name 1st duke of Newcastle
690 00 - LOCAL SUBJECT ADDED ENTRY--TOPICAL TERM (OCLC, RLIN)
Topical term or geographic name as entry element History
Geographic subdivision Great Britain
752 ## - ADDED ENTRY--HIERARCHICAL PLACE NAME
Country or larger entity England
City London
830 #0 - SERIES ADDED ENTRY--UNIFORM TITLE
Volume number/sequential designation vol. 722
830 #0 - SERIES ADDED ENTRY--UNIFORM TITLE
Uniform title Everyman's libr.
942 ## - ADDED ENTRY ELEMENTS (KOHA)
Source of classification or shelving scheme Dewey Decimal Classification
Koha item type Books
Holdings
Lost status Source of classification or shelving scheme Damaged status Not for loan Collection code Permanent Location Current Location Shelving location Date acquired Source of acquisition Cost, normal purchase price Total Checkouts Full call number Date last seen Copy number Koha item type
  Dewey Decimal Classification   Added to bundle Fiction Central Library, University of Rajshahi Central Library, University of Rajshahi Reading Room 14/09/1955 B. H. Bluckwell 0.35   942.066 CAL 1915 15/03/2014 C-1 Books